000 00651nam a2200181 i 4500
001 102089
003 ES-MaACL
005 20230906183037.0
007 t|
008 171123s1895 sp ||||1| spa d
110 1 _aEspaña.
_bMinisterio de Hacienda.
_93874
245 1 0 _aAdición a los resúmenes estadísticos del comercio de trigo y harina de trigo /
_cDirección General de Aduanas.
260 _aMadrid :
_b[s.n.],
_c1895 (
_fEst. Tip. Sucesores de Rivadeneyra)
300 _a[8] p. ;
_c30 cm.
650 4 _aTrigo-
_xComercio-
_zEspaña.
_9163838
710 1 _aEspaña.
_bDirección General de Aduanas.
_9166270
852 _aES-MaACL
_jT-780-F-6
999 _c102089
_d102089